Matemáticas al alcance de todos (Record no. 184312)

MARC details
000 -LEADER
campo de control de longitud fija 01023nam a2200277 4500
001 - NÚMERO DE CONTROL
campo de control 184312
003 - IDENTIFICADOR DE NÚMERO DE CONTROL
campo de control ES-MaACL
005 - FECHA Y HORA DE LA ÚLTIMA TRANSACCIÓN
campo de control 20250903020416.0
008 - DATOS DE LONGITUD FIJA--INFORMACIÓN GENERAL
campo de control de longitud fija 150617s2007 sp ad |||| | spa d
020 ## - NÚMERO INTERNACIONAL ESTÁNDAR DEL LIBRO
Número Internacional Estándar del Libro 978-84-205-5011-4
080 ## - NÚMERO DE LA CLASIFICACIÓN DECIMAL UNIVERSAL
Número de la Clasificación Decimal Universal 51(035)
100 1# - ENTRADA PRINCIPAL--NOMBRE DE PERSONA
Nombre de persona Margalef Roig, Juan.
9 (RLIN) 76611
245 10 - MENCIÓN DEL TÍTULO
Título Matemáticas al alcance de todos
Resto del título : (matemáticas sin demasiadas ecuaciones) /
Mención de responsabilidad, etc. Juan Margalef Roig, Enrique Outerelo Domínguez.
260 ## - PUBLICACIÓN, DISTRIBUCIÓN, ETC.
Lugar de publicación, distribución, etc. Madrid :
Nombre del editor, distribuidor, etc. Pearson Alhambra,
Fecha de publicación, distribución, etc. [2007]
300 ## - DESCRIPCIÓN FÍSICA
Extensión XI, 479 p. :
Otras características físicas il., gráf. ;
Dimensiones 21 cm.
490 1# - MENCIÓN DE SERIE
Mención de serie Al alcance de todos
500 ## - NOTA GENERAL
Nota general Índice.
650 04 - PUNTO DE ACCESO ADICIONAL DE MATERIA--TÉRMINO DE MATERIA
Término de materia o nombre geográfico como elemento de entrada Matemáticas-
Subdivisión de forma Obras de divulgación
9 (RLIN) 14829
700 1# - ENTRADA AGREGADA--NOMBRE PERSONAL
Nombre de persona Outerelo Domínguez, Enrique.
9 (RLIN) 87985
830 0# - PUNTO DE ACCESO ADICIONAL DE SERIE-TÍTULO UNIFORME
Título uniforme Al alcance de todos
9 (RLIN) 225060
852 ## - LOCALIZACIÓN
Ubicación ES-MaACL
Número de control de estantería A-13554
itemnumber 191308
Sublocalización o colección R.150390
Ubicación en estantería Depósito 1
Signatura antigua Olim: N-6554
Donativo/Legado Donación: Roberto Terán
903 ## - NOMBRE PERSONAL DE DONANTE
9 234544
a Terán Martínez, Roberto
e Donante
942 ## - ELEMENTOS DE ENTRADA SECUNDARIOS (KOHA)
Fuente del sistema de clasificación o colocación Clasificación decimal universal
Tipo de ítem Koha Libro impreso
Holdings
Estatus retirado Estado de pérdida Fuente del sistema de clasificación o colocación Estado de daño No para préstamo Biblioteca de origen Biblioteca actual Ubicación en estantería Fecha de adquisición Fuente de adquisición Total de préstamos Signatura topográfica completa Código de barras Visto por última vez Precio de reemplazo Tipo de ítem Koha
    Clasificación decimal universal     Biblioteca del Ateneo de Madrid Biblioteca del Ateneo de Madrid Depósito 1 17/06/2015 Donación   A-13554 1193901 23/02/2023 23/02/2023 Libro impreso